Differential geomentry and mathematical physics (Record no. 1211411)
[ view plain ]
| 000 -LEADER | |
|---|---|
| fixed length control field | 01145nam a2200325Ia 4500 |
| 003 - CONTROL NUMBER IDENTIFIER | |
| control field | OSt |
| 005 - DATE AND TIME OF LATEST TRANSACTION | |
| control field | 20221007123129.0 |
| 008 - FIXED-LENGTH DATA ELEMENTS--GENERAL INFORMATION | |
| fixed length control field | 221006b |||||||| |||| 00| 0 eng d |
| 020 ## - INTERNATIONAL STANDARD BOOK NUMBER | |
| International Standard Book Number | 9789402409598 (hbk) |
| 037 ## - SOURCE OF ACQUISITION | |
| Terms of availability | Textual |
| 040 ## - CATALOGING SOURCE | |
| Original cataloging agency | PAPL |
| Transcribing agency | PAPL |
| Language of cataloging | eng |
| 041 ## - LANGUAGE CODE | |
| Source of code | eng |
| Language code of text/sound track or separate title | eng |
| 100 ## - MAIN ENTRY--PERSONAL NAME | |
| Personal name | Rudolph Gerd |
| 9 (RLIN) | 716563 |
| 245 #0 - TITLE STATEMENT | |
| Title | Differential geomentry and mathematical physics |
| Remainder of title | Schmidt Mattias |
| 260 ## - PUBLICATION, DISTRIBUTION, ETC. | |
| Place of publication, distribution, etc. | Dordrecht |
| Name of publisher, distributor, etc. | Springer |
| Date of publication, distribution, etc. | 2017 |
| 300 ## - PHYSICAL DESCRIPTION | |
| Extent | xv, 830p. ill. |
| Dimensions | cm. |
| 490 ## - SERIES STATEMENT | |
| Volume/sequential designation | Pt.2Fibre bundles, topology and gauge fields |
| Series statement | Theoretical and mathematical physics |
| 500 ## - GENERAL NOTE | |
| General note | Appendix A-G 759-787p.; References 789-813p.; Index 815-830p. |
| 650 ## - SUBJECT ADDED ENTRY--TOPICAL TERM | |
| Topical term or geographic name entry element | Fibre bundles |
| 9 (RLIN) | 716564 |
| 650 ## - SUBJECT ADDED ENTRY--TOPICAL TERM | |
| Topical term or geographic name entry element | Gauge orbit space |
| 9 (RLIN) | 716565 |
| 650 ## - SUBJECT ADDED ENTRY--TOPICAL TERM | |
| Topical term or geographic name entry element | Yang-mills equation |
| 9 (RLIN) | 716566 |
| 650 ## - SUBJECT ADDED ENTRY--TOPICAL TERM | |
| Topical term or geographic name entry element | Physics |
| 700 ## - ADDED ENTRY--PERSONAL NAME | |
| Personal name | Schmidt Mattias |
| 9 (RLIN) | 716567 |
| 942 ## - ADDED ENTRY ELEMENTS (KOHA) | |
| Classification part | B6:3, Q7 Carpa |
| Koha item type | Textual |
| Source of classification or shelving scheme | Colon Classification (CC) |
| Withdrawn status | Lost status | Source of classification or shelving scheme | Damaged status | Not for loan | Home library | Current library | Date acquired | Source of acquisition | Serial Enumeration / chronology | Total Checkouts | Full call number | Barcode | Date last seen | Price effective from | Koha item type |
|---|---|---|---|---|---|---|---|---|---|---|---|---|---|---|---|
| Colon Classification (CC) | Department of Physics and Astrophysics Library | Department of Physics and Astrophysics Library | 2022-10-07 | 9022, 12/03/2019, The Book Seller | Pt.2Fibre bundles, topology and gauge fields | B6:3 Q7 Carpa | PA0007520 | 2022-10-07 | 2022-10-07 | Textual |
